<?xml version='1.0' encoding='UTF-8'?>
  <record xmlns="http://www.loc.gov/MARC21/slim">
    <leader>00000cam a2200000 i 4500</leader>
    <controlfield tag="001">ocm17411937</controlfield>
    <controlfield tag="003">OCoLC</controlfield>
    <controlfield tag="005">20240210061653.1</controlfield>
    <controlfield tag="008">820821s1897    gw adf   b    000 0 ger  </controlfield>
    <datafield tag="010" ind1=" " ind2=" ">
      <subfield code="a">   30002958 </subfield>
    </datafield>
    <datafield tag="040" ind1=" " ind2=" ">
      <subfield code="a">NLM</subfield>
      <subfield code="b">eng</subfield>
      <subfield code="e">rda</subfield>
      <subfield code="c">NLM</subfield>
      <subfield code="d">CGU</subfield>
      <subfield code="d">DLC</subfield>
      <subfield code="d">GZH</subfield>
      <subfield code="d">OCLCF</subfield>
      <subfield code="d">OCLCQ</subfield>
      <subfield code="d">OCLCO</subfield>
      <subfield code="d">WUM</subfield>
      <subfield code="d">OCLCQ</subfield>
      <subfield code="d">OCLCO</subfield>
      <subfield code="d">NLM</subfield>
      <subfield code="d">OCLCO</subfield>
      <subfield code="d">OCLCA</subfield>
      <subfield code="d">OCLCQ</subfield>
      <subfield code="d">OCLCO</subfield>
      <subfield code="d">OCLCL</subfield>
    </datafield>
    <datafield tag="016" ind1="7" ind2=" ">
      <subfield code="a">66150740R</subfield>
      <subfield code="2">DNLM</subfield>
    </datafield>
    <datafield tag="019" ind1=" " ind2=" ">
      <subfield code="a">11327045</subfield>
      <subfield code="a">875071997</subfield>
    </datafield>
    <datafield tag="029" ind1="0" ind2=" ">
      <subfield code="a">NLM</subfield>
      <subfield code="b">66150740R</subfield>
    </datafield>
    <datafield tag="029" ind1="1" ind2=" ">
      <subfield code="a">AU@</subfield>
      <subfield code="b">000005683929</subfield>
    </datafield>
    <datafield tag="029" ind1="1" ind2=" ">
      <subfield code="a">NLGGC</subfield>
      <subfield code="b">043921957</subfield>
    </datafield>
    <datafield tag="029" ind1="1" ind2=" ">
      <subfield code="a">ZWZ</subfield>
      <subfield code="b">020595441</subfield>
    </datafield>
    <datafield tag="035" ind1=" " ind2=" ">
      <subfield code="a">(OCoLC)17411937</subfield>
      <subfield code="z">(OCoLC)11327045</subfield>
      <subfield code="z">(OCoLC)875071997</subfield>
    </datafield>
    <datafield tag="050" ind1="0" ind2="0">
      <subfield code="a">QM455</subfield>
      <subfield code="b">.F7</subfield>
    </datafield>
    <datafield tag="060" ind1="0" ind2="0">
      <subfield code="a">WL</subfield>
      <subfield code="b">F939z 1897</subfield>
    </datafield>
    <datafield tag="100" ind1="1" ind2=" ">
      <subfield code="a">Froriep, August,</subfield>
      <subfield code="d">1849-1917,</subfield>
      <subfield code="e">author.</subfield>
      <subfield code="1">https://id.oclc.org/worldcat/entity/E39PBJxrXM96k6YPRP4FPvjQv3</subfield>
    </datafield>
    <datafield tag="245" ind1="1" ind2="0">
      <subfield code="a">Zur Kenntniss der Lagebeziehungen zwischen Grosshirn und Schädeldach bei Menschen verschiedener Kopfform :</subfield>
      <subfield code="b">zugleich ein Beitrag zur Vergleichung des Schädels mit der Todtenmaske /</subfield>
      <subfield code="c">von Dr. August Froriep ; mit einem Anhang ; Darstellung der cranio-cerebralen Topographie in stereographischer Projection von Hermann Maier.</subfield>
    </datafield>
    <datafield tag="246" ind1="3" ind2=" ">
      <subfield code="a">Lagebeziehungen zwischen Grosshirn und Schädeldach</subfield>
    </datafield>
    <datafield tag="246" ind1="3" ind2=" ">
      <subfield code="a">Versuch einer Darstellung der cranio-cerebralen Topographie in Stereographischer Projection</subfield>
    </datafield>
    <datafield tag="264" ind1=" " ind2="1">
      <subfield code="a">Leipzig :</subfield>
      <subfield code="b">Verlag von Veit &amp; Comp.,</subfield>
      <subfield code="c">1897.</subfield>
    </datafield>
    <datafield tag="300" ind1=" " ind2=" ">
      <subfield code="a">46 pages, V pages of plates :</subfield>
      <subfield code="b">illustrations (some color), charts ;</subfield>
      <subfield code="c">45 cm</subfield>
    </datafield>
    <datafield tag="336" ind1=" " ind2=" ">
      <subfield code="a">text</subfield>
      <subfield code="b">txt</subfield>
      <subfield code="2">rdacontent</subfield>
    </datafield>
    <datafield tag="337" ind1=" " ind2=" ">
      <subfield code="a">unmediated</subfield>
      <subfield code="b">n</subfield>
      <subfield code="2">rdamedia</subfield>
    </datafield>
    <datafield tag="338" ind1=" " ind2=" ">
      <subfield code="a">volume</subfield>
      <subfield code="b">nc</subfield>
      <subfield code="2">rdacarrier</subfield>
    </datafield>
    <datafield tag="500" ind1=" " ind2=" ">
      <subfield code="a">"Mit Abbildungen im Text und fünf Tafeln." Four plates signed: A. Froriep u. H. Genter gez.; Lith. Anst. v. E.A. Funke, Leipzig. One plate signed: H. Genter u. H. Maier, gez.; Lith. Anst. v. E.A. Funke, Leipzig.</subfield>
    </datafield>
    <datafield tag="500" ind1=" " ind2=" ">
      <subfield code="a">Titel on cover: Die Lagebeziehungen zwischen Grosshirn und Schädeldach.</subfield>
    </datafield>
    <datafield tag="500" ind1=" " ind2=" ">
      <subfield code="a">Gratulationsschrift Herrn Wilhelm His zur Feier seiner 25jährigen Thätigkeit als Director der anatomischen Anstalt zu Leipzig am 22. Oktober 1897 in hoher Verehrung dargebracht vom Verfasser.--dedication page.</subfield>
    </datafield>
    <datafield tag="504" ind1=" " ind2=" ">
      <subfield code="a">Includes bibliographical references.</subfield>
    </datafield>
    <datafield tag="530" ind1=" " ind2=" ">
      <subfield code="a">Also available online.</subfield>
    </datafield>
    <datafield tag="583" ind1=" " ind2=" ">
      <subfield code="a">Condition reviewed</subfield>
      <subfield code="c">20150701</subfield>
      <subfield code="l">conservation not necessary</subfield>
      <subfield code="2">pda</subfield>
      <subfield code="5">DNLM</subfield>
    </datafield>
    <datafield tag="583" ind1="1" ind2=" ">
      <subfield code="a">digitized.</subfield>
      <subfield code="c">2014</subfield>
      <subfield code="z">NLM permanence rating:</subfield>
      <subfield code="l">Permanent: Stable content</subfield>
      <subfield code="2">pda</subfield>
      <subfield code="5">DNLM</subfield>
    </datafield>
    <datafield tag="650" ind1=" " ind2="0">
      <subfield code="a">Brain.</subfield>
    </datafield>
    <datafield tag="650" ind1=" " ind2="0">
      <subfield code="a">Craniometry.</subfield>
    </datafield>
    <datafield tag="650" ind1="1" ind2="2">
      <subfield code="a">Cephalometry</subfield>
    </datafield>
    <datafield tag="650" ind1="1" ind2="2">
      <subfield code="a">Skull</subfield>
      <subfield code="x">anatomy &amp; histology</subfield>
    </datafield>
    <datafield tag="650" ind1="1" ind2="2">
      <subfield code="a">Brain</subfield>
    </datafield>
    <datafield tag="650" ind1=" " ind2="6">
      <subfield code="a">Cerveau.</subfield>
    </datafield>
    <datafield tag="650" ind1=" " ind2="6">
      <subfield code="a">Craniométrie.</subfield>
    </datafield>
    <datafield tag="650" ind1=" " ind2="7">
      <subfield code="a">brains.</subfield>
      <subfield code="2">aat</subfield>
    </datafield>
    <datafield tag="650" ind1=" " ind2="7">
      <subfield code="a">Brain.</subfield>
      <subfield code="2">fast</subfield>
      <subfield code="0">(OCoLC)fst00837570</subfield>
    </datafield>
    <datafield tag="650" ind1=" " ind2="7">
      <subfield code="a">Craniometry.</subfield>
      <subfield code="2">fast</subfield>
      <subfield code="0">(OCoLC)fst00882225</subfield>
    </datafield>
    <datafield tag="700" ind1="1" ind2=" ">
      <subfield code="a">Froriep, August,</subfield>
      <subfield code="d">1849-1917,</subfield>
      <subfield code="e">artist.</subfield>
      <subfield code="1">https://id.oclc.org/worldcat/entity/E39PBJxrXM96k6YPRP4FPvjQv3</subfield>
    </datafield>
    <datafield tag="700" ind1="1" ind2=" ">
      <subfield code="a">Genter, Heinrich,</subfield>
      <subfield code="d">1854-1954,</subfield>
      <subfield code="e">artist.</subfield>
    </datafield>
    <datafield tag="700" ind1="1" ind2=" ">
      <subfield code="a">His, Wilhelm,</subfield>
      <subfield code="d">1831-1904.</subfield>
      <subfield code="1">https://id.oclc.org/worldcat/entity/E39PBJjdfr46hHFBvTcK4tDH4q</subfield>
    </datafield>
    <datafield tag="700" ind1="1" ind2="2">
      <subfield code="a">Maier, Hermann.</subfield>
      <subfield code="t">Versuch einer Darstellung der cranio-cerebralen Topographie in stereographischer Projection.</subfield>
    </datafield>
    <datafield tag="758" ind1=" " ind2=" ">
      <subfield code="i">has work:</subfield>
      <subfield code="a">Zur Kenntniss der Lagebeziehungen zwischen Grosshirn und Schädeldach bei Menschen verschiedener Kopfform (Text)</subfield>
      <subfield code="1">https://id.oclc.org/worldcat/entity/E39PCGgVdytvj9xKypmdMWQT9C</subfield>
      <subfield code="4">https://id.oclc.org/worldcat/ontology/hasWork</subfield>
    </datafield>
    <datafield tag="856" ind1="4" ind2="1">
      <subfield code="3">Page view</subfield>
      <subfield code="u">http://hdl.loc.gov/loc.gdc/scd0001.20030126007zu.2</subfield>
    </datafield>
    <datafield tag="856" ind1="4" ind2="1">
      <subfield code="3">PDF</subfield>
      <subfield code="u">http://hdl.loc.gov/loc.gdc/scd0001.20030126007zu.1</subfield>
    </datafield>
    <datafield tag="856" ind1="4" ind2=" ">
      <subfield code="u">http://resource.nlm.nih.gov/66150740R</subfield>
    </datafield>
    <datafield tag="856" ind1="4" ind2="1">
      <subfield code="d">gdclccn</subfield>
      <subfield code="f">30002958</subfield>
      <subfield code="u">https://hdl.loc.gov/loc.gdc/gdclccn.30002958</subfield>
    </datafield>
  </record>